| 000 | 00565nam a22001577a 4500 | ||
|---|---|---|---|
| 999 |
_c533983 _d533983 |
||
| 020 | _qHard Cover. | ||
| 082 | _a660 | ||
| 100 | _aSohail, Rabia | ||
| 245 |
_aAmygdalin-loaded alginate-chitosan nanoparticles as biodegradable drug delivery carrier to evaluate anticancer efficacy / _cRabia Sohail. |
||
| 260 |
_aIslamabad : _bASAB - NUST, _c2017. |
||
| 300 |
_axi, 66 p. ill. ; _c30cm. |
||
| 942 |
_2ddc _cTHE |
||
| 650 |
_aIndustrial Biotechnology MS-Thesis. _927780 |
||
| 700 |
_aDr. Shah Rukh Abbas. _928072 |
||